[Event "TCh-FRA Top 16 Poule Haute"]
[Site "Evry FRA"]
[Date "2008.05.29"]
[Round "8"]
[White "Eliet,N"]
[Black "Apicella,M"]
[Result "0-1"]
[WhiteElo "2451"]
[BlackElo "2533"]

1.d4 Nf6 2.Bg5 Ne4 3.Bh4 c5 4.f3 g5 5.fxe4 gxh4 6.e3 cxd4 7.exd4 d5 8.exd5 Qxd5
9.Nc3 Qa5 10.Bb5+ Bd7 11.Bxd7+ Nxd7 12.Qf3 Bh6 13.Ne2 Qg5 14.O-O Qe3+ 15.Kh1 Qxf3
16.Rxf3 Rc8 17.Rf5 Rg8 18.Raf1 Rc6 19.Nf4 Rg5 20.Nfe2 Nf6 21.Rxg5 Bxg5 22.h3 h6
23.a4 Nh5 24.Rf3 Bd2 25.Kg1 Rb6 26.Nd1 Re6 27.Kf2 Nf6 28.Ndc3 Rb6 29.b3 Rc6
30.Kf1 Nh5 31.d5 Rc5 32.Rd3 Bxc3 33.Nxc3 Nf4 34.Rf3 Nxd5 35.Nxd5 Rxd5 36.Ke2 Rg5
37.Kf2 e5 38.Rf6 h5 39.Rh6 Kd7 40.Rh7 Ke6 41.Rh6+ Kd7 42.Rh7 Rf5+ 43.Ke3 a5
44.Rh8 Rg5 45.Kf2 e4 46.Rh7 Ke6 47.Rh6+ f6 48.Rh7 Rg3 49.Rxb7 Rc3 50.Rb6+ Ke5
51.Rb5+ Kf4 52.Rxa5 Rxc2+ 53.Ke1 Rxg2 54.Rxh5 f5 55.a5 Rb2  0-1

[Event "Doroshkevich mem"]
[Site "Maykop RUS"]
[Date "2008.05.30"]
[Round "7"]
[White "Kiriushin,V"]
[Black "Sifunda,S"]
[Result "1-0"]
[WhiteElo "2223"]
[BlackElo "2116"]

1.d4 Nf6 2.Bg5 Ne4 3.Bh4 d5 4.f3 Nd6 5.Nc3 c6 6.e4 Qa5 7.Bd3 g6 8.Ne2 Bg7
9.O-O dxe4 10.Nxe4 Nf5 11.Bf2 O-O 12.c3 Nd7 13.N2g3 Nxg3 14.Bxg3 e5 15.dxe5 Nxe5
16.Bc2 Qb6+ 17.Bf2 Qc7 18.Bd4 b6 19.f4 Nd7 20.Bxg7 Kxg7 21.f5 f6 22.Qg4 Ne5
23.Qg3 Qe7 24.Rae1 Ba6 25.Rf2 Rae8 26.b3 h6 27.c4 g5 28.h4 g4 29.h5 Kh8 30.Rfe2 b5
31.c5 b4 32.Re3 Rg8 33.Nxf6 Qxf6 34.Rxe5 Rxe5 35.Rxe5 Qg5 36.Re6 Qc1+ 37.Kh2 Qb2
38.Qf4 Rg7 39.Qxh6+ Kg8 40.Re8+  1-0

[Event "Alushta Summer-3"]
[Site "Alushta UKR"]
[Date "2008.06.04"]
[Round "2"]
[White "Truskavetsky,A"]
[Black "El Gindy,E"]
[Result "0-1"]
[WhiteElo "2394"]
[BlackElo "2507"]

1.d4 Nf6 2.Bg5 Ne4 3.h4 c5 4.d5 Qb6 5.Nd2 Nxd2 6.Bxd2 e5 7.dxe6 Qxe6 8.g3 Be7
9.Bc3 O-O 10.Bg2 Bf6 11.Bxf6 Qxf6 12.c3 Nc6 13.Nh3 d6 14.O-O Bg4 15.Qd2 Rfe8
16.Rfe1 Rad8 17.Ng5 h6 18.Ne4 Qe7 19.Qf4 f5 20.Nd2 d5 21.c4 d4 22.Bd5+ Kh8
23.Nf3 Nb4 24.Nh2 Nxd5 25.cxd5 Bxe2 26.Qxf5 d3 27.Nf1 Qd6 28.Ne3 Rxe3  0-1

[Event "ch-FIN"]
[Site "Mantta FIN"]
[Date "2008.06.08"]
[Round "7"]
[White "Karttunen,M"]
[Black "Nyysti,S"]
[Result "1-0"]
[WhiteElo "2414"]
[BlackElo "2378"]

1.d4 Nf6 2.Bg5 Ne4 3.Bf4 c5 4.f3 Qa5+ 5.c3 Nf6 6.d5 Qb6 7.b3 e6 8.e4 exd5
9.exd5 d6 10.Ne2 Be7 11.g4 O-O 12.c4 Nbd7 13.Bg2 Ne5 14.O-O Ng6 15.Be3 Ne8
16.Qd2 f5 17.gxf5 Nh4 18.Nbc3 Nxf5 19.Ne4 g6 20.Bg5 Qd8 21.Rae1 Bxg5 22.Nxg5 Neg7
23.f4 Rb8 24.Qd3 b5 25.cxb5 Qb6 26.Kh1 Qxb5 27.Qh3 Nh5 28.Ne6 Bxe6 29.dxe6 Ne7
30.Nc3 Qe8 31.Ne4 Rb4 32.Nxd6 Qb8 33.Ne4 Nxf4 34.Qh6 Nxg2 35.Rf7 Rxf7 36.exf7+ Kxf7
37.Qxh7+ Ke6 38.Nxc5+ Kd5 39.Qf7+ Kxc5 40.Qxe7+ Kb5 41.Qg5+ Ka6 42.Qxg6+ Rb6
43.Qd3+ Ka5 44.Qc3+  1-0

[Event "FSGM June"]
[Site "Budapest HUN"]
[Date "2008.06.11"]
[Round "5"]
[White "Bui Vinh"]
[Black "Macak,S"]
[Result "1-0"]
[WhiteElo "2448"]
[BlackElo "2342"]

1.d4 Nf6 2.Bg5 Ne4 3.Bf4 d5 4.e3 Bf5 5.f3 Nf6 6.c4 e6 7.Nc3 Nc6 8.g4 Bg6
9.c5 Be7 10.h4 h6 11.Nh3 O-O 12.Bg3 b6 13.Qa4 Na5 14.Nf4 Bh7 15.g5 Ne8 16.gxh6 gxh6
17.O-O-O Ng7 18.e4 dxe4 19.fxe4 Qe8 20.Bb5 c6 21.Be2 Nb7 22.Rhg1 Kh8 23.Nh5 Nxh5
24.Bxh5 Bg6 25.Be5+ Kh7 26.Qa6 Qd7 27.Rdf1 Bxh5 28.Rg7+ Kh8  1-0

[Event "Open"]
[Site "Teplice CZE"]
[Date "2008.06.16"]
[Round "3"]
[White "Dolezal,Ra1"]
[Black "Bujak,M"]
[Result "1-0"]
[WhiteElo "2420"]
[BlackElo "2286"]

1.d4 Nf6 2.Bg5 Ne4 3.Bh4 g5 4.f3 c5 5.fxe4 gxh4 6.e3 Bh6 7.Qd3 Qb6 8.b3 Nc6
9.c3 e5 10.dxc5 Qxc5 11.Nf3 d6 12.Nbd2 Be6 13.b4 Qb6 14.Nc4 Bxc4 15.Qxc4 Qxe3+
16.Be2 Rc8 17.Rd1 Ne7 18.Qb5+ Kf8 19.Rxd6 Qxc3+ 20.Kf1 Ng6 21.g3 h3 22.Rd3 Qa1+
23.Rd1 Qxa2 24.Nxe5 Qe6 25.Bg4 Qf6+ 26.Ke1 Nxe5 27.Bxc8 Nf3+ 28.Ke2 Nd4+
29.Rxd4 Qxd4 30.Qc5+ Qxc5 31.bxc5 Ke7 32.Bxb7 Rd8 33.Bd5 Rb8 34.Ra1 Rb2+
35.Kf3 Rxh2 36.Rxa7+ Kf6 37.Kg4 Rc2 38.Rxf7+ Kg6 39.Rc7 h2 40.e5 Rc1 41.Be4+  1-0

[Event "FSGM June"]
[Site "Budapest HUN"]
[Date "2008.06.19"]
[Round "13"]
[White "Bui Vinh"]
[Black "Wang Puchen"]
[Result "1/2-1/2"]
[WhiteElo "2448"]
[BlackElo "2397"]

1.d4 Nf6 2.Bg5 Ne4 3.Bf4 c5 4.f3 Qa5+ 5.c3 Nf6 6.d5 Qb6 7.Bc1 e6 8.c4 exd5
9.cxd5 c4 10.e3 Bb4+ 11.Nc3 Qc5 12.e4 b5 13.Ne2 d6 14.a4 O-O 15.Qd4 Nbd7
16.Be3 bxa4 17.Rxa4  1/2-1/2

[Event "Serbia Cup"]
[Site "Zlatibor SRB"]
[Date "2008.06.19"]
[Round "4"]
[White "Miladinovic,I"]
[Black "Vuckovic,Bo"]
[Result "1/2-1/2"]
[WhiteElo "2579"]
[BlackElo "2556"]

1.d4 Nf6 2.Bg5 Ne4 3.Bf4 c5 4.dxc5 e6 5.Nd2 Nxc5 6.c3 d5 7.b4 Ncd7 8.Ngf3 Be7
9.e4 O-O 10.Bd3 Nc6 11.exd5 exd5 12.O-O Nf6 13.h3 d4 14.cxd4 Nxb4 15.Bc4 a6
16.Rc1 b5 17.Bc7 Qd7 18.Bb3 Bb7 19.Re1 Rae8 20.Bg3 Bd6 21.Rxe8 Nxe8 22.Ne5 Qe7
23.Ndf3 Nf6 24.Bh4 Nbd5 25.Qc2 Ba3 26.Re1 Qd6 27.Bxf6 Nxf6 28.Ng5 Bd5 29.Ng4 g6
30.Nxf6+ Qxf6 31.Nxh7 Kxh7 32.Bxd5 Qxd4 33.Rd1 Qf6 34.g3 Rd8 35.Kg2 Kg7 36.Rd3 Qe5
37.Qd1 Rd6 38.h4 Bc5 39.Qd2 Rf6 40.Bf3 Rd6 41.Bd5 Rf6 42.f4 Qa1 43.Qc3 Qxc3
44.Rxc3 Bb6 45.Kf3 Rd6 46.Ke4 Bd8 47.Rc8 Rd7 48.Ra8  1/2-1/2

[Event "12th North American FIDE Inv"]
[Site "Chicago USA"]
[Date "2008.06.21"]
[Round "2"]
[White "Felecan,F"]
[Black "Kuderinov,K"]
[Result "1-0"]
[WhiteElo "2377"]
[BlackElo "2422"]

1.d4 Nf6 2.Bg5 Ne4 3.Bf4 d5 4.f3 Nf6 5.e4 e6 6.e5 Nfd7 7.Be3 c5 8.c3 Nc6
9.f4 cxd4 10.cxd4 Bb4+ 11.Nd2 Nb6 12.Nf3 Nc4 13.Bxc4 dxc4 14.O-O Qd5 15.Qc2 b5
16.Ne4 Bb7 17.a3 Be7 18.Nc3 Qd7 19.d5 exd5 20.Rad1 d4 21.Nxb5 O-O 22.Nbxd4 Nxd4
23.Rxd4 Qb5 24.Rd2 c3 25.bxc3 Rfc8 26.a4 Qa5 27.Bd4 Bc6 28.f5 Qxa4 29.Qxa4 Bxa4
30.f6 gxf6 31.exf6 Bf8 32.Ra1 Bc6 33.Rxa7 Rxa7 34.Bxa7 Bxf3 35.gxf3 Bh6 36.Re2 Kf8
37.Bd4 Bg5 38.h4 Bxh4 39.Rh2 Be1 40.Kf1 Bg3 41.Rxh7 Ke8 42.Rh8+ Kd7 43.Rxc8 Kxc8
44.Ke2 Kd7 45.Kd3 Kc6 46.Ke4 Bd6 47.c4 Bf8 48.Bb2 Bb4 49.Bd4 Bf8 50.Kf5 Bh6
51.f4 Kd6 52.Be3 Kc6 53.Kg4 Kd6 54.Bc1 Kc6 55.Ba3 Kd7 56.Kf5 Kc6 57.Be7 Kd7
58.c5  1-0

[Event "12th North American FIDE Inv"]
[Site "Chicago USA"]
[Date "2008.06.22"]
[Round "4"]
[White "Felecan,F"]
[Black "Chow,A"]
[Result "1/2-1/2"]
[WhiteElo "2377"]
[BlackElo "2198"]

1.d4 Nf6 2.Bg5 Ne4 3.Bf4 c5 4.f3 Qa5+ 5.c3 Nf6 6.d5 Qb6 7.Bc1 d6 8.e4 g6
9.Na3 Bg7 10.Nc4 Qd8 11.a4 O-O 12.Bg5 Na6 13.Qd2 Nc7 14.Ne2 b6 15.h4 h5 16.Bh6 Ba6
17.Bxg7 Kxg7 18.Nf4 Bxc4 19.Bxc4 a6 20.Bd3 b5 21.g4 Rh8 22.c4 bxc4 23.Bc2 Qb8
24.g5 Nd7 25.Qc3+ Ne5 26.Ng2 Kh7 27.f4 Ng4 28.Rf1 Qb4 29.O-O-O Rab8 30.e5 Qxc3  1/2-1/2

[Event "22th Open"]
[Site "Pula CRO"]
[Date "2008.06.22"]
[Round "2"]
[White "Drazic,S"]
[Black "Vassiliev,G"]
[Result "1-0"]
[WhiteElo "2497"]
[BlackElo "2184"]

1.d4 Nf6 2.Bg5 Ne4 3.h4 c5 4.dxc5 Qa5+ 5.Nd2 h6 6.Be3 Nxc5 7.c3 Na4 8.Qb3 d5
9.h5 e5 10.Rh4 Nb6 11.Bxb6 axb6 12.e4 Be7 13.Bb5+ Bd7 14.Bxd7+ Nxd7 15.Rg4 Nc5
16.Qc2 O-O 17.exd5 Qb5 18.Rc4 e4 19.a4 Nd3+ 20.Kf1 Qxd5 21.Rxe4 Bc5 22.Rd4 Bxd4
23.Qxd3 Rfd8 24.cxd4 Qxd4 25.Qxd4 Rxd4 26.Ngf3 Rdxa4 27.Re1 Ra1 28.Nc4 Rxe1+
29.Nxe1 Ra4 30.Ne3 Rh4 31.g4 f5 32.f3 fxg4 33.fxg4 Rh2 34.N3g2 Kf7 35.Kf2 Kf6
36.Nf3 Rh1 37.Nge1 g6 38.hxg6 h5 39.Kg2 hxg4 40.Kxh1 gxf3 41.Nxf3 Kxg6 42.Kg2 Kf5
43.Kf2  1-0

[Event "Marshall NY Int"]
[Site "New York USA"]
[Date "2008.06.23"]
[Round "6"]
[White "Almeida Saenz,A"]
[Black "Liu,E"]
[Result "0-1"]
[WhiteElo "2424"]
[BlackElo "2252"]

1.d4 Nf6 2.Bg5 Ne4 3.Bf4 c5 4.f3 Qa5+ 5.c3 Nf6 6.d5 Qb6 7.b3 g6 8.e4 Bg7
9.Qd2 d6 10.Ne2 a5 11.Na3 a4 12.Nc4 Qa6 13.bxa4 Nh5 14.Bg5 Nd7 15.Nb2 Qa5
16.g3 Nb6 17.Bg2 Nxa4 18.Nxa4 Qxa4 19.O-O b5 20.g4 Nf6 21.Ng3 Qc4 22.Rfc1 Bd7
23.Bf1 Qa4 24.Re1 h5 25.e5 dxe5 26.Rxe5 hxg4 27.d6 e6 28.Rxc5 gxf3 29.Rb1 Ng4
30.Bxb5 f2+ 31.Kf1 Nxh2+ 32.Kg2 Bxb5 33.Rcxb5 f1=Q+ 34.Nxf1 Qe4+ 35.Kf2 Ng4+
36.Kg3 Be5+ 37.Rxe5 Nxe5 38.d7+ Nxd7 39.Qd6 f6 40.Rd1 Qe5+ 41.Qxe5 fxe5 42.Rd6 Nc5
43.Nd2 Kf7 44.Be3 Rhc8 45.Bxc5 Rxc5 46.Ne4 Ke7 47.Rb6 Rc4 48.Rb7+ Kd8 49.Nd6 Rxc3+
50.Kg4 Rc7 51.Rb5 Ke7 52.Ne4 Rc4 53.Rxe5 Rxa2  0-1

[Event "TCh-TUR"]
[Site "Kocaeli TUR"]
[Date "2008.06.25"]
[Round "4"]
[White "Karadeniz,E"]
[Black "Sideifzade,F"]
[Result "0-1"]
[WhiteElo "2306"]
[BlackElo "2408"]

1.d4 Nf6 2.Bg5 Ne4 3.Bf4 d5 4.e3 c6 5.Bd3 Qb6 6.Qc1 Nd7 7.c4 e5 8.dxe5 Qa5+
9.Ke2 g5 10.Bxe4 gxf4 11.cxd5 cxd5 12.Bd3 Nxe5 13.Qc3 Qxc3 14.Nxc3 Nxd3 15.Kxd3 Bf5+
16.Ke2 O-O-O 17.Rd1 fxe3 18.fxe3 Bh6 19.Nf3 Rhe8 20.Nxd5 Kb8 21.Rhe1 Be6
22.Nc3 Bc4+ 23.Kf2 Rxd1 24.Nxd1 Bxa2 25.Nc3 Bc4 26.e4 a5 27.e5 Rd8 28.Ne4 Rd3
29.Nd6 Bd5 30.Re2 Bf4 31.Ne4 Rb3 32.Nc5 Rb5 33.Nd3 Bh6 34.Nd4 Rb6 35.Nc5 Rb4
36.Nf3 Bc4 37.Rc2 Ka7 38.g4 Bf4 39.h4 b6 40.Nd7 Kb7 41.Nf6 Bd3  0-1

[Event "White Nights Open"]
[Site "St Petersburg RUS"]
[Date "2008.06.25"]
[Round "5"]
[White "Abramov,Valen"]
[Black "Orlov,Va"]
[Result "1/2-1/2"]
[WhiteElo "2321"]
[BlackElo "2465"]

1.d4 Nf6 2.Bg5 Ne4 3.Bh4 c5 4.f3 g5 5.fxe4 gxh4 6.e3 Bh6 7.Kf2 cxd4 8.exd4 e5
9.Nf3 Nc6 10.c3 d6 11.Bb5 Qb6 12.Na3 O-O 13.Qb3 exd4 14.Bxc6 Qxb3 15.axb3 bxc6
16.Nxd4 f5 17.exf5 Bxf5 18.Rhe1 Bd7+ 19.Kg1 c5 20.Ndb5 Rf6 21.Rad1 Bf8 22.Rf1 Rg6
23.Nc7 Bc6 24.Nd5 Re8 25.Rf2 Re5 26.Nf4 Rf6 27.Nc4 Ref5 28.Rdf1 Rg5 29.Ne6 Rxe6  1/2-1/2

[Event "XII Izmailov Mem"]
[Site "Tomsk RUS"]
[Date "2008.06.27"]
[Round "3"]
[White "Belogortsev,V"]
[Black "Gankin,S"]
[Result "0-1"]
[WhiteElo "2052"]
[BlackElo "2276"]

1.d4 Nf6 2.Bg5 Ne4 3.Bh4 d5 4.f3 Nd6 5.Nc3 Nf5 6.Bf2 Nc6 7.g4 Nh6 8.Bg3 a6
9.Qd2 e6 10.O-O-O Bb4 11.Bf4 Ng8 12.h4 Nf6 13.h5 Nd7 14.Bg5 f6 15.Bh4 Nb6
16.e3 Na5 17.b3 Qe7 18.Kb1 Bd7 19.Qd3 O-O-O 20.f4 h6 21.Nf3 Qf8 22.Bh3 Kb8
23.Rhf1 c5 24.dxc5 Qxc5 25.Be1 Rc8 26.Ne2 Bb5 27.Bxb4 Qxb4 28.Qd2 Qa3 29.Nfd4 Bxe2
30.Nxe2 Nc6 31.c3 Rhd8 32.Nd4 Qd6 33.Nxc6+ Qxc6 34.Rc1 Rc7 35.Bg2 Qe8 36.Rfd1 e5
37.f5 Rcc8 38.a4 Rc5 39.c4 e4 40.a5 Nd7 41.cxd5 Rdc8 42.Qb4 Rb5 43.Qd6+ Ka7
44.b4 Nc5 45.Rxc5 Rcxc5 46.Rd4 Rc3  0-1

[Event "Helmut Kohl IM"]
[Site "Dortmund GER"]
[Date "2008.06.29"]
[Round "2"]
[White "Heinzel,O"]
[Black "Zelbel,P"]
[Result "1-0"]
[WhiteElo "2388"]
[BlackElo "2246"]

1.d4 Nf6 2.Bg5 Ne4 3.h4 c5 4.dxc5 Qa5+ 5.c3 Qxc5 6.Be3 Qc7 7.Na3 a6 8.Qd4 Nf6
9.Nc4 Nc6 10.Qb6 Qxb6 11.Nxb6 Rb8 12.f3 d6 13.g4 Be6 14.Nh3 Nd7 15.Nf4 Nxb6
16.Bxb6 Bd7 17.O-O-O Rc8 18.Nd3 g6 19.h5 Bg7 20.h6 Bf6 21.Nf2 d5 22.f4 g5
23.e3 e5 24.Bg2 Ne7 25.fxe5 Bxe5 26.Bxd5 Nxd5 27.Rxd5 Bg3 28.Rhd1 Bc6 29.Rf5 Bd7
30.Rfd5 Bc6 31.Rd8+ Ke7 32.Rxh8 Rxh8 33.e4 Bxf2 34.Bxf2 Re8 35.e5 Bf3 36.Rg1 Ke6
37.Bd4 Bd5 38.b3 b5 39.Kd2 Rc8 40.Ke3 Rc6 41.Rf1 Rc7 42.Rf6+ Ke7 43.Rxa6 Be6
44.Kf3 Bd5+ 45.Kg3 Bc6 46.b4 Bd7 47.Bc5+ Ke8 48.Ra8+ Rc8 49.Ra7 Rc6 50.Ra5 Rc8
51.Bd4 Ke7 52.a4 bxa4 53.b5 Rb8 54.c4 Rc8 55.c5 Ke6 56.Ra6+  1-0

[Event "XII Izmailov Mem"]
[Site "Tomsk RUS"]
[Date "2008.06.29"]
[Round "5"]
[White "Belogortsev,V"]
[Black "Lavrov,Ma1"]
[Result "0-1"]
[WhiteElo "2052"]
[BlackElo "2351"]

1.d4 Nf6 2.Bg5 Ne4 3.Bh4 c5 4.f3 g5 5.fxe4 gxh4 6.c3 Bh6 7.Na3 Nc6 8.Nf3 cxd4
9.Nxd4 d6 10.Nc4 Bg4 11.Qd3 Na5 12.Na3 Qb6 13.b4 Nc6 14.Nc4 Qc7 15.h3 Bd7
16.Nb5 Qb8 17.a4 Bf4 18.e3 Bg3+ 19.Kd2 Be5 20.Be2 Rg8 21.Bf3 Qd8 22.Nd4 Bf6
23.Rhf1 Ne5 24.Nxe5 dxe5 25.Nc2 Qc7 26.Rfd1 O-O-O 27.c4 Be6 28.c5 Rxd3+ 29.Kxd3 a5
30.Kc3 axb4+ 31.Kxb4 b6  0-1

[Event "Sparkassen Open"]
[Site "Dortmund GER"]
[Date "2008.07.04"]
[Round "7"]
[White "Smolka,A"]
[Black "Borgmeyer,M"]
[Result "1/2-1/2"]
[WhiteElo "2102"]
[BlackElo "2040"]

1.d4 Nf6 2.Bg5 Ne4 3.h4 d5 4.e3 h6 5.Bf4 Nd7 6.f3 Nef6 7.Nc3 c6 8.Qd2 Nh5
9.e4 Nxf4 10.Qxf4 e5 11.Qe3 c5  1/2-1/2

[Event "XXXI Open"]
[Site "Barbera del Valles ESP"]
[Date "2008.07.05"]
[Round "2"]
[White "Douriet,A"]
[Black "Corrales Jimenez,F"]
[Result "0-1"]
[WhiteElo "2302"]
[BlackElo "2504"]

1.d4 Nf6 2.Bg5 Ne4 3.Bf4 c5 4.d5 Qb6 5.Qc1 g6 6.c3 Bg7 7.Na3 O-O 8.f3 Nf6
9.e4 e6 10.Nc4 Qd8 11.Qd2 exd5 12.exd5 b5 13.Nd6 b4 14.Bc4 bxc3 15.bxc3 Nh5
16.Ne2 Nxf4 17.Qxf4 Ba6 18.O-O Qe7 19.Bxa6 Nxa6 20.Ne4 f5 21.N4g3 d6 22.Rfe1 Nc7
23.Qd2 Qe5 24.Rad1 Rfe8 25.c4 Na6 26.Nf4 Qc3 27.Qxc3 Bxc3 28.Rxe8+ Rxe8 29.Rd3 Bd4+
30.Kf1 Nb4 31.Rb3 Nc2 32.Nge2 Ne3+ 33.Ke1 Nxc4 34.Ne6 Bf6 35.Rb7 Ne3 36.Nc7 Re7
37.Rxa7 Kf7 38.a4 Nxd5 39.Nb5 Rxa7 40.Nxa7 Ke7 41.Nb5 Kd7 42.Kd2 Nc7 43.Nbc3 d5
44.g4 fxg4 45.fxg4 Be5 46.h4 Kc6 47.Kc2 c4 48.Ng1 Ne6 49.Nb5 Nd4+ 50.Nxd4+ Bxd4
51.Nf3 Bf6 52.h5 gxh5 53.gxh5 d4 54.Ne1 Kc5 55.Ng2 d3+ 56.Kd2 Kb4 57.a5 Bg5+  0-1

[Event "XXXI Open"]
[Site "Barbera del Valles ESP"]
[Date "2008.07.09"]
[Round "5"]
[White "Douriet,A"]
[Black "Leroy,C"]
[Result "1/2-1/2"]
[WhiteElo "2302"]
[BlackElo "2157"]

1.d4 Nf6 2.Bg5 Ne4 3.Bf4 d5 4.f3 Nf6 5.Nc3 c5 6.e4 cxd4 7.Qxd4 Nc6 8.Bb5 Bd7
9.Bxc6 Bxc6 10.e5 Nd7 11.e6 fxe6 12.Nge2 Qb6 13.Bg3 Qxd4 14.Nxd4 Kf7 15.f4 g6
16.O-O Bg7 17.Bf2 Rhc8 18.Rae1 Nf8 19.Nce2 Bd7 20.g4 Kg8 21.Bg3 e5 22.fxe5 Bxg4
23.Nf4 e6 24.h4 a6 25.h5 g5 26.h6 Bxh6 27.Nfxe6 Bxe6 28.Nxe6 Nxe6 29.Rf6 Nd4
30.c3 Bg7 31.cxd4 Bxf6 32.exf6 Re8 33.Be5 Kf7 34.Re3 Rac8 35.Rb3 b5 36.a4 Rb8
37.Rh3 Kg6 38.f7 Rxe5 39.dxe5 Kxf7 40.Rxh7+ Ke6 41.a5 Kxe5 42.Re7+ Kf4 43.Rd7 Ke4
44.Re7+ Kd4 45.Ra7 Kc5 46.Rxa6 d4 47.Kf2 Re8 48.Rg6 d3 49.Rxg5+ Kb4 50.a6 Re2+
51.Kf3 Rxb2 52.Ke3 d2 53.Ke2 Ra2 54.Rg6 Kb3 55.Kd1 b4 56.Rb6 Kc4 57.Rh6 Kb5
58.a7 Rxa7 59.Kxd2 Rc7 60.Rh3 Ka4 61.Rg3 b3 62.Rg8 Ka3 63.Ra8+ Kb2 64.Kd3 Kb1
65.Rh8 b2 66.Rg8 Rc5 67.Rh8 Rc6 68.Rg8 Rd6+ 69.Kc3 Rd1  1/2-1/2

[Event "36th TCh-GRE"]
[Site "Kallithea Halkidiki GRE"]
[Date "2008.07.09"]
[Round "5"]
[White "Gogolis,A"]
[Black "Stavrianakis,I"]
[Result "1/2-1/2"]
[WhiteElo "2283"]
[BlackElo "2176"]

1.d4 Nf6 2.Bg5 Ne4 3.Bf4 c5 4.f3 Qa5+ 5.c3 Nf6 6.Nd2 cxd4 7.Nb3 Qb6 8.Qxd4 Nc6
9.Qxb6 axb6 10.Nd4 e5 11.Nxc6 exf4 12.Nd4 d5 13.g3 Bd6 14.Kf2 O-O 15.e3 fxe3+
16.Kxe3 Re8+ 17.Kf2 Bc5 18.Ne2 Bf5 19.a3 Bd3 20.Rd1 Bc4 21.Rd2 Re7 22.h4 Rae8  1/2-1/2

[Event "ch-BEL"]
[Site "Eupen BEL"]
[Date "2008.07.10"]
[Round "6"]
[White "Van Mechelen,J"]
[Black "Cools,G"]
[Result "1-0"]
[WhiteElo "2269"]
[BlackElo "2327"]

1.d4 Nf6 2.Bg5 Ne4 3.Bf4 c5 4.f3 Qa5+ 5.c3 Nf6 6.d5 Qb6 7.e4 Qxb2 8.Nd2 Qxc3
9.Bc7 d6 10.Ne2 Qe3 11.Nc4 Qh6 12.Ba5 e5 13.dxe6 Bxe6 14.Nxd6+ Bxd6 15.Qxd6 Nc6
16.Bd2 Qh4+ 17.g3 Qh5 18.Nf4 Qe5 19.Qxe5 Nxe5 20.Nxe6 fxe6 21.Bb5+ Ke7 22.O-O a6
23.Be2 b5 24.g4 Nc6 25.g5 Nd7 26.f4 Rhf8 27.Rac1 c4 28.Rc3 g6 29.Rh3 Rf7
30.f5 exf5 31.exf5 gxf5 32.Rh6 Nde5 33.Bh5 Raf8 34.Bxf7 Rxf7 35.Bc3 Ng6 36.a3 Kd6
37.h4 Kc5 38.h5 Nge7 39.g6 hxg6 40.hxg6 Rf8 41.g7 Rg8 42.Rh8 Nd4 43.Bxd4+ Kxd4
44.Rxg8 Nxg8 45.Rd1+ Kc5 46.Rd8 Nh6 47.Rc8+  1-0

[Event "XVII Burgas Open"]
[Site "Ourense ESP"]
[Date "2008.07.10"]
[Round "8"]
[White "Perez Vazquez,V"]
[Black "Gomez Dieguez,D"]
[Result "0-1"]
[WhiteElo "1881"]
[BlackElo "1727"]

1.d4 Nf6 2.Bg5 Ne4 3.Bf4 f5 4.Nf3 e6 5.e3 b6 6.Ne5 Nf6 7.Be2 Bb7 8.Bf3 Nc6
9.Nxc6 Bxc6 10.Bxc6 dxc6 11.O-O h6 12.Qf3 Qd7 13.Nc3 g5 14.Be5 Be7 15.Nb5 Kf7
16.Nc3 g4 17.Qe2 Rhg8 18.e4 h5 19.exf5 exf5 20.Qc4+ Kf8 21.Rad1 h4 22.d5 c5
23.Nb5 Ne8 24.Nc3 Nd6 25.Qe2 Rg6 26.Rfe1 Re8 27.Qd3 Nf7 28.Bf4 Bd6 29.Rxe8+ Kxe8
30.Re1+ Kf8 31.Bd2 Ne5 32.Qb5 Qxb5 33.Nxb5 Nc4 34.Bc3 a6 35.Na7 h3 36.g3 b5
37.Nc8 b4 38.b3 Na3 39.Bb2 Nxc2 40.Re2 Na3 41.Bxa3 bxa3 42.Nxd6 cxd6 43.Kf1 Kf7
44.Ke1 Rg8 45.Kd2 Re8 46.Rxe8 Kxe8 47.Ke3 Kf7 48.f3 gxf3 49.Kxf3 Kf6 50.Kf4 a5
51.g4 fxg4 52.Kxg4 Ke5 53.Kxh3 a4  0-1

[Event "ch-IRL"]
[Site "Dublin IRL"]
[Date "2008.07.11"]
[Round "7"]
[White "Ui Laighleis,G"]
[Black "Boyle,B"]
[Result "1-0"]
[WhiteElo "1985"]
[BlackElo "1945"]

1.d4 Nf6 2.Bg5 Ne4 3.Bf4 c5 4.d5 Qb6 5.Qc1 c4 6.e3 Qa5+ 7.c3 Qxd5 8.f3 Nf6
9.e4 Qc6 10.Ne2 b5 11.Nd4 Qb6 12.a4 Ba6 13.axb5 Bxb5 14.Nxb5 Qxb5 15.Na3 Qb7
16.Bxc4 e6 17.Nb5 d6 18.Bxd6 Na6 19.Bxf8 Kxf8 20.Qd2 Qc6 21.Qd6+ Qxd6 22.Nxd6 Nc7
23.O-O Ke7 24.Nb5 Nxb5 25.Bxb5 a5 26.Rfd1 Rhb8 27.c4 Ra7 28.Rd3 Ne8 29.Bxe8 Kxe8
30.b3 Rb4 31.Rc3 Kd7 32.Kf2 Kc6 33.Ke3 Kc5 34.g4 a4 35.bxa4 Raxa4 36.Rxa4 Rxa4
37.h4 e5 38.Rd3 Kxc4 39.Rd5 Ra3+ 40.Kf2 f6 41.Rd7 Ra2+ 42.Kg3 h5 43.Rxg7 hxg4
44.Rxg4 Kd4 45.h5 Ra1 46.Rh4 Rg1+ 47.Kh2 Rg8 48.h6 Ke3 49.h7 Rh8 50.Kg3 Ke2
51.Kg4 Ke3 52.Rh3 Kf2 53.f4 Kg2 54.Rh5 exf4 55.Kxf4 Kf2 56.e5 fxe5+ 57.Kxe5 Kg3
58.Kf6 Kg4 59.Rh1  1-0

[Event "XVII Burgas Open"]
[Site "Ourense ESP"]
[Date "2008.07.11"]
[Round "9"]
[White "Viterbo Ferreira,J"]
[Black "Lopez Grana,C"]
[Result "1-0"]
[WhiteElo "2002"]
[BlackElo "1764"]

1.d4 Nf6 2.Bg5 Ne4 3.Bf4 d5 4.f3 Nf6 5.e3 Bf5 6.Bd3 Bxd3 7.Qxd3 Nbd7 8.Nc3 c6
9.Nge2 e6 10.O-O Nh5 11.Bg3 Nxg3 12.Nxg3 Bd6 13.Nce2 h5 14.Rfc1 h4 15.Nf1 h3
16.g3 Qg5 17.c4 Rh6 18.c5 Bc7 19.b4 e5 20.b5 f5 21.f4 exf4 22.exf4 Qh5 23.bxc6 bxc6
24.Rab1 Re6 25.Re1 Ba5 26.Nc3 Re4 27.Nxe4 fxe4 28.Qe2 Qxe2 29.Rxe2 Bc3 30.Rd1 Nf6
31.Ne3 Rb8 32.Rc2 Ba5 33.Kf2 Ke7 34.Ke2 g6 35.f5 gxf5 36.Nxf5+ Ke6 37.Ne3 Rb4
38.Kf1 Bc7 39.Rf2 Nh7 40.Ng4 Ng5 41.Rf6+ Kd7 42.Rd2 Nf3 43.Rxf3 exf3 44.Kf2 Ke6
45.Kxf3 Kf5 46.Nf2 Ra4 47.Nxh3 Ra3+ 48.Kf2 Kg4 49.Ng1 Ba5 50.Rc2 Bd8 51.h3+ Kf5
52.Ne2 Ke4 53.h4 Bf6 54.Rd2 Rf3+ 55.Kg2 Ke3 56.Rd3+ Kxd3 57.Kxf3 Bxd4 58.Nxd4 Kxd4
59.h5  1-0

[Event "19th Czech Oce Open"]
[Site "Pardubice CZE"]
[Date "2008.07.11"]
[Round "2"]
[White "Splichal,P"]
[Black "Chuprov,D"]
[Result "0-1"]
[WhiteElo "2008"]
[BlackElo "2577"]

1.d4 Nf6 2.Bg5 Ne4 3.Bh4 c6 4.c3 Qb6 5.Qc2 d5 6.e3 Bf5 7.Bd3 e6 8.Nf3 Nd7
9.O-O Nd6 10.Bxf5 Nxf5 11.Bg3 Nxg3 12.hxg3 Be7 13.Nbd2 O-O 14.c4 Rac8 15.Rac1 f5
16.Rfd1 Qd8 17.Qb3 Rb8 18.Ne5 Nxe5 19.dxe5 Qb6 20.Nf3 Qxb3 21.axb3 Kf7 22.Nd4 dxc4
23.bxc4 Rfd8 24.Kf1 c5 25.Nb5 a6 26.Nc3 Rxd1+ 27.Rxd1 b5 28.cxb5 axb5 29.Rd7 b4
30.Na4 c4 31.Ke2 Rb5 32.Rc7 c3 33.bxc3 b3 34.Nb2 Ke8 35.Ra7 g5 36.Kd3 h5
37.Kc4 Rb8 38.f3 h4 39.gxh4 gxh4 40.Ra5 Kf7 41.Ra6 Rg8 42.Kxb3 Rxg2 43.Nc4 h3
44.Nd6+ Kg7 45.Ra7 h2 46.Rxe7+ Kg8 47.Re8+ Kh7 48.Nf7 Rg8 49.Rxe6 h1=Q 50.Rh6+ Qxh6
51.Nxh6 Kxh6 52.Kc4 Rg3 53.Kd4 Rxf3 54.c4 Kg7 55.c5 Kf7  0-1

[Event "Aegean Open"]
[Site "Aghios Kirykos GRE"]
[Date "2008.07.12"]
[Round "1"]
[White "Raeva,E"]
[Black "Iatros,A"]
[Result "1-0"]
[WhiteElo "2307"]
[BlackElo "1896"]

1.d4 Nf6 2.Bg5 Ne4 3.Bf4 c5 4.f3 Qa5+ 5.c3 Nf6 6.Nd2 cxd4 7.Nb3 Qb6 8.Qxd4 Nc6
9.Qxb6 axb6 10.Nd4 Nxd4 11.cxd4 d5 12.e3 Bd7 13.Bd3 g6 14.Ne2 Bg7 15.Nc3 O-O
16.Bc7 b5 17.Bxb5 Rfc8 18.Bxd7 Rxc7 19.Bb5 e5 20.dxe5 Nd7 21.Bxd7 Rxd7 22.f4 d4
23.O-O-O Rad8 24.Rxd4 Rxd4 25.exd4 Rxd4 26.g3 Bf8 27.Rd1 Rc4 28.Kb1 Bc5 29.Rd8+ Kg7
30.Rd7 Bg1 31.e6 Rc8 32.Rxf7+ Kg8 33.Nd5  1-0

[Event "FSGM July"]
[Site "Budapest HUN"]
[Date "2008.07.12"]
[Round "8"]
[White "Duong The Anh"]
[Black "Kislik,E"]
[Result "1-0"]
[WhiteElo "2445"]
[BlackElo "2302"]

1.d4 Nf6 2.Bg5 Ne4 3.Bf4 c5 4.f3 Qa5+ 5.c3 Nf6 6.Nd2 cxd4 7.Nb3 Qf5 8.Bxb8 Rxb8
9.Qxd4 b6 10.e4 Qf4 11.Ne2 Qc7 12.e5 Ng8 13.Ng3 e6 14.Ne4 Qd8 15.O-O-O f5
16.Nd6+ Bxd6 17.Qxd6 Rb7 18.Ba6 Rc7 19.Nd4 Qg5+ 20.Rd2 Bxa6 21.Qxc7 Ne7 22.Nxe6 dxe6
23.Qd8+ Kf7 24.Qxh8 Nd5 25.Qa8 Bd3 26.Qxa7+ Kg6 27.Qd7 Nf4 28.g3 Ne2+ 29.Kd1  1-0

[Event "Heart of Finland"]
[Site "Jyvaskyla FIN"]
[Date "2008.07.12"]
[Round "2"]
[White "Karttunen,M"]
[Black "Niemi,O"]
[Result "1-0"]
[WhiteElo "2418"]
[BlackElo "2053"]

1.d4 Nf6 2.Bg5 Ne4 3.Bf4 f5 4.f3 Nf6 5.e4 d5 6.exf5 Bxf5 7.g4 Bg6 8.h4 e6
9.h5 Bf7 10.Nc3 c5 11.Nb5 Na6 12.Ne2 Qb6 13.Ng3 cxd4 14.g5 Nd7 15.g6 Bg8
16.a4 e5 17.Bxe5 Nxe5 18.Qe2 Qf6 19.Bh3 d3 20.cxd3 Bb4+ 21.Kf2 Kf8 22.Kg2 hxg6
23.Rac1 gxh5 24.f4 Nc6 25.Nxh5 Qg6+ 26.Ng3 Re8 27.Qf3 d4 28.Bf5 Qf6 29.Rxh8 g6
30.Rxg8+ Kxg8 31.Qg4 Ne7 32.Be6+ Kf8 33.Ne4 Qg7 34.Kf3 b6 35.Rh1 Nc5 36.Nbd6 Nxe4
37.Nxe4 Ng8 38.Bxg8 Kxg8 39.Qg5 Be7  1-0

[Event "19th Czech Oce Open"]
[Site "Pardubice CZE"]
[Date "2008.07.12"]
[Round "5"]
[White "Prymula,R"]
[Black "Morozov,D"]
[Result "1-0"]
[WhiteElo "2278"]
[BlackElo "2351"]

1.d4 Nf6 2.Bg5 Ne4 3.Bf4 c5 4.c3 e6 5.e3 b6 6.Nf3 Bb7 7.Nbd2 Nf6 8.h3 Be7
9.Bd3 O-O 10.O-O Nc6 11.Rc1 Rc8 12.Qe2 d5 13.Rfd1 c4 14.Bb1 b5 15.e4 g6 16.Bh6 Re8
17.e5 Nh5 18.Qe3 f5 19.exf6 Bxf6 20.Ne5 Ng7 21.g4 Qe7 22.f4 Nd8 23.Ndf3 Nf7
24.Nxf7 Qxf7 25.Rf1 Qc7 26.Rce1 Bc6 27.Ne5 Re7 28.Nxc6 Qxc6 29.Bxg7 Bxg7
30.f5 gxf5 31.Rxf5 exf5 32.Qxe7 fxg4 33.hxg4 Rf8 34.Bf5 b4 35.Qe6+ Qxe6 36.Bxe6+ Kh8
37.Bxd5 bxc3 38.bxc3 Bh6 39.Re2 Rd8 40.Be6 Rb8 41.Kg2 a5 42.Kf3 Rb1 43.Bxc4 Rc1
44.Re8+ Kg7 45.Re7+ Kf6 46.Rxh7 Rxc3+ 47.Ke4 Bg7 48.Bg8 Rg3 49.Kf4 Rd3 50.Ke4 Rg3
51.Rh4 Ke7 52.d5 Rg2 53.Kf3 Rg1 54.Rh2 Be5 55.Rh7+ Kd6 56.Rh6+ Kd7 57.Be6+ Kc7
58.Ke4 Bd6 59.Rh7+ Kb6 60.Rh3 a4 61.Re3 Bc5 62.Re2 a3 63.Rc2 Re1+ 64.Kf5 Rf1+
65.Kg6 Rg1  1-0